000 01279nam0a22003011 4500
001 rc\4462587
005 20250612091303.0
021 _aRU
_b[67-35751]
035 _a(NLR Aleph) 008592073
090 _a8650025
_c8650025
100 _a20130416d1967 |||y0rusy50 ca
101 0 _arus
102 _aRU
105 _ay z |||||
200 1 _aИстория СССР
_eВсеобщая история
_e[Сборник статей
_fРед. коллегия: Б.Г. Плющевский и др.]
210 _aИжевск
_cУдмуртия
_d1967
215 _a160 с.
_d20
225 1 _aУдмуртский государственный педагогический институт имени 10-летия УАО. Ученые записки
_vВып. 15
320 _aБиблиогр. в примеч. в конце статей
607 _aГермания
_xИстория
_z14-16 вв.
_jСборники
_2psbo
607 _aБолгария, Народная Республика
_xИстория древняя
_jСборники
_2psbo
607 _aСССР
_xИстория
_jСборники
_2psbo
702 1 _aПлющевский
_bБ.Г.
_4340
801 0 _aRU
_bNLR
_gpsbo
801 1 _aRU
_bELAR
_2rusmarc
852 _aNLR
_jП1/40
942 _cBOOK
980 _aNB